El delito invisible

Detalles Bibliográficos
Autor principal: Jimňez Pava, Ana Mara̕
Otros Autores: Arv̌alo Naranjo, Liz, Bonilla Portilla, Margarita, Sandoval Rojas, Natalia, Molano Casas, Hilda B., Medina Barragǹ, Mariana
Formato: eBook
Lenguaje:español
Publicado: Bogot:̀ Comisin̤ Colombiana de Juristas, 2013
Materias:
Acceso en línea:Acceso restringido

MARC

LEADER 00000nam a22000007a 4500
005 2020030608408.0
007 cr|||| ||||
008 200306s2013 co |||||s|||| 00||0 spa d
020 |a 978-958-57916-1-9 
035 |a 31159 
040 |a vLex 
090 |c 10198  |d 10198 
100 1 |a Jimňez Pava, Ana Mara̕ 
245 1 2 |a El delito invisible  |h [Recurso electrn̤ico] /  |c Ana Mara̕ Jimňez Pava, Liz Arv̌alo Naranjo, Margarita Bonilla Portilla, Natalia Sandoval Rojas, Hilda B. Molano Casas, Mariana Medina Barragǹ 
256 |a Servicio en ln̕ea 
260 |a Bogot:̀  |b Comisin̤ Colombiana de Juristas,  |c 2013 
300 |a 1 recurso electrn̤ico 
506 1 |a Disponible solo en los productos indicados  |d vLex Global  |d vLex Global (Academic Edition, excluding Law Schools)  |d vLex Global (U.S. Academic Edition, Law Schools)  |d vLex Global (U.S. Academic Edition, excluding Law Schools)  |d vLex Global (Academic Edition, Law Schools) 
650 0 4 |a Derecho Penal  |z Colombia 
700 1 |a Arv̌alo Naranjo, Liz 
700 1 |a Bonilla Portilla, Margarita 
700 1 |a Sandoval Rojas, Natalia 
700 1 |a Molano Casas, Hilda B. 
700 1 |a Medina Barragǹ, Mariana 
740 0 |a vLex Libros (Servicio en ln̕ea) 
856 4 0 |u http://vlex.com/source/delito-invisible-31159  |z Acceso restringido 
942 |c BOOK 
999 0 |a Criminal law